[Event "Benasque op 43rd"]
[Site "Benasque"]
[Date "2024.07.07"]
[Round "3"]
[White "Gomez Peco, Pablo"]
[Black "Quparadze, Giga"]
[Result "0-1"]
[WhiteElo "2168"]
[BlackElo "2516"]
[PlyCount "144"]
[EventDate "2024.07.05"]
[EventType "swiss"]
[EventRounds "10"]
[EventCountry "ESP"]
[SourceTitle "CBM 221 Extra"]
[Source "ChessBase"]
[SourceDate "2024.09.30"]
[SourceVersion "1"]
[SourceVersionDate "2024.09.30"]
[SourceQuality "1"]

1. d4 Nf6 2. c4 e6 3. Nc3 Bb4 4. Bd2 b6 5. Nf3 Bb7 6. a3 Bxc3 7. Bxc3 Ne4 8. Qc2 0-0 9. g3 Nxc3 10. Qxc3 d6 11. Bg2 Nd7 12. 0-0 Nf6 13. b4 Qe7 14. Rfd1 a5 15. Ne1 Bxg2 16. Nxg2 h6 17. Ne3 Rfe8 18. Rac1 axb4 19. axb4 Ra4 20. Ra1 Rea8 21. Rxa4 Rxa4 22. Ra1 Qe8 23. f3 Qa8 24. Rxa4 Qxa4 25. c5 bxc5 26. bxc5 d5 27. Kg2 Nd7 28. Nc2 h5 29. h4 Nf8 30. Qd3 Ng6 31. Kf2 Ne7 32. Ne3 Nc6 33. Nc2 Kf8 34. Kg2 Ke7 35. Kf2 Kd7 36. Kg2 Qa2 37. Kf2 Qb1 38. Kg2 Ne7 39. e4 Qc1 40. Kh3 Qb1 41. Kg2 g6 42. Kf2 Nc6 43. exd5 exd5 44. Qc3 Qc1 45. Qd3 Qb2 46. Ke3 Qb1 47. Kd2 Qg1 48. Qb3 Qf2+ 49. Kc1 Ne7 50. g4 hxg4 51. fxg4 Qg1+ 52. Kb2 Qxg4 53. c6+ Kxc6 54. Qa4+ Kd6 55. Qb4+ Ke6 56. Qb8 Qf4 57. Qh8 Kd7 58. h5 gxh5 59. Qxh5 f5 60. Qe2 Qd6 61. Qh5 Qg6 62. Qe2 f4 63. Qb5+ Qc6 64. Qd3 Qg6 65. Qb5+ c6 66. Qb7+ Ke6 67. Nb4 Qg2+ 68. Kc3 Qe2 69. Na6 Qh5 70. Kb3 Kf7 71. Kc3 Qe2 72. Nc5 Ke8 0-1

[Event "Madrid Chamartin op 6th"]
[Site "Madrid"]
[Date "2017.09.08"]
[Round "7"]
[White "Alfaya Marcelo, Roberto"]
[Black "Gomez Peco, Pablo"]
[Result "1/2-1/2"]
[WhiteElo "2126"]
[BlackElo "2192"]
[PlyCount "54"]
[EventDate "2017.09.04"]
[EventType "swiss"]
[EventRounds "9"]
[EventCountry "ESP"]
[SourceTitle "CBM 180 Extra"]
[Source "ChessBase"]
[SourceDate "2017.10.06"]
[SourceVersion "1"]
[SourceVersionDate "2017.10.06"]
[SourceQuality "1"]

1. e4 c6 2. Nf3 d5 3. Nc3 Bg4 4. d4 e6 5. h3 Bh5 6. Bd3 dxe4 7. Nxe4 Nf6 8. c3 Nxe4 9. Bxe4 Bd6 10. 0-0 Nd7 11. Re1 Qc7 12. Bg5 0-0 13. Qc2 Bg6 14. Bxg6 hxg6 15. Rad1 Rfe8 16. Re2 Bf4 17. Qe4 Bxg5 18. Nxg5 Nf8 19. Qf3 Re7 20. h4 Rd8 21. b4 b6 22. Rde1 Red7 23. Re3 Rd5 24. Nh3 Rf5 25. Qe4 c5 26. dxc5 bxc5 27. g3 cxb4 1/2-1/2

[Event "Madrid Chamartin op 6th"]
[Site "Madrid"]
[Date "2017.09.07"]
[Round "6"]
[White "Gomez Peco, Pablo"]
[Black "Rottenwohrer Suarez, Juan"]
[Result "1/2-1/2"]
[WhiteElo "2192"]
[BlackElo "2180"]
[PlyCount "162"]
[EventDate "2017.09.04"]
[EventType "swiss"]
[EventRounds "9"]
[EventCountry "ESP"]
[SourceTitle "CBM 180 Extra"]
[Source "ChessBase"]
[SourceDate "2017.10.06"]
[SourceVersion "1"]
[SourceVersionDate "2017.10.06"]
[SourceQuality "1"]

1. d4 Nf6 2. c4 g6 3. Nc3 Bg7 4. e4 d6 5. Nge2 0-0 6. Ng3 h5 7. h4 Nc6 8. d5 Ne5 9. Be2 c6 10. Nf1 cxd5 11. cxd5 Bd7 12. Ne3 b5 13. f3 Qb6 14. a4 b4 15. Nb5 Rfc8 16. Nf1 Bxb5 17. axb5 Nc4 18. Qb3 Qxb5 19. Nd2 Nxd2 20. Bxd2 Qc5 21. Qxb4 Qxb4 22. Bxb4 Nd7 23. Bb5 Bxb2 24. Rb1 Ne5 25. Ba6 Rc1+ 26. Rxc1 Bxc1 27. Kf2 Bb2 28. Bd2 Bd4+ 29. Kg3 Rb8 30. Ba5 Rb3 31. Bd8 Ng4 32. Rf1 Be5+ 33. Kh3 Kf8 34. g3 Nf6 35. f4 Bd4 36. Rd1 Bb6 37. Bxb6 Rxb6 38. Bd3 Rb2 39. Rb1 Rd2 40. Bf1 Nxe4 41. Bg2 Nf2+ 42. Kh2 Ng4+ 43. Kh3 Ne3 44. Bh1 Nxd5 45. Rb8+ Kg7 46. Rb7 Kf6 47. Rxa7 Ne3 48. Bf3 Rf2 49. Bh1 Ng4 50. Bg2 e6 51. Rd7 d5 52. Ra7 Rd2 53. Rd7 d4 54. Ra7 Ne3 55. Be4 Nd1 56. Bg2 d3 57. Rd7 Nf2+ 58. Kh2 Ng4+ 59. Kh3 Nf2+ 60. Kh2 Nd1 61. Kh3 Nc3 62. Bf3 Na4 63. g4 hxg4+ 64. Bxg4 Nc5 65. Rd4 Rc2 66. Kg3 d2 67. Bd1 Rc1 68. Bf3 Nb3 69. Rd3 Rb1 70. Kf2 Rb2 71. Ke3 Nc5 72. Rxd2 Rxd2 73. Kxd2 Nd7 74. h5 g5 75. Ke3 Nb6 76. h6 gxf4+ 77. Kxf4 Nd5+ 78. Ke4 Kg6 79. Ke5 Kxh6 80. Bg4 Nc7 81. Kf6 Nb5 1/2-1/2

[Event "Benasque op 36th"]
[Site "Benasque"]
[Date "2016.07.08"]
[Round "2"]
[White "Sasikiran, Krishnan"]
[Black "Gomez Peco, Pablo"]
[Result "1-0"]
[WhiteElo "2639"]
[BlackElo "2189"]
[PlyCount "69"]
[EventDate "2016.07.07"]
[EventType "swiss"]
[EventRounds "10"]
[EventCountry "ESP"]
[SourceTitle "CBM 173 Extra"]
[Source "ChessBase"]
[SourceDate "2016.08.29"]
[SourceVersion "1"]
[SourceVersionDate "2016.08.29"]
[SourceQuality "1"]

1. e4 c6 2. d4 d5 3. e5 Bf5 4. Nf3 e6 5. Be2 Nd7 6. 0-0 Ne7 7. Nbd2 Ng6 8. Nb3 h5 9. c3 Be7 10. Ne1 h4 11. Bd3 Ngf8 12. Be3 g6 13. a4 a6 14. a5 c5 15. Nxc5 Nxc5 16. dxc5 Nd7 17. Bxf5 gxf5 18. Nd3 Qc7 19. b4 0-0-0 20. Bd4 Rdg8 21. Kh1 Rh7 22. f3 Rhg7 23. Rf2 f4 24. h3 Rg3 25. Qf1 f6 26. Re1 fxe5 27. Nxe5 Nf6 28. Ng4 Nh5 29. Qd3 R8xg4 30. hxg4 Nf6 31. Qg6 h3 32. Bxf6 hxg2+ 33. Kg1 Bxf6 34. Qxf6 Qh7 35. Qxe6+ 1-0

[Event "Benasque op 32nd"]
[Site "Benasque"]
[Date "2012.07.06"]
[Round "2"]
[White "Gomez Peco, Pablo"]
[Black "Sanikidze, Tornike"]
[Result "1/2-1/2"]
[WhiteElo "2175"]
[BlackElo "2596"]
[PlyCount "193"]
[EventDate "2012.07.05"]
[EventType "swiss"]
[EventRounds "10"]
[EventCountry "ESP"]
[SourceTitle "CBM 149 Extra"]
[Source "ChessBase"]
[SourceDate "2012.08.24"]
[SourceVersion "1"]
[SourceVersionDate "2012.08.24"]
[SourceQuality "1"]

1. d4 Nf6 2. c4 g6 3. Nc3 Bg7 4. e4 d6 5. Nge2 0-0 6. Ng3 Na6 7. Be2 c5 8. d5 Nc7 9. h4 e6 10. Bg5 exd5 11. exd5 a6 12. a4 Bd7 13. Nce4 Nce8 14. Qb3 b5 15. axb5 axb5 16. Rxa8 Qxa8 17. 0-0 Nxe4 18. Nxe4 f5 19. Nd2 b4 20. Bd3 Nf6 21. Re1 Ng4 22. Nf3 Re8 23. Rxe8+ Bxe8 24. Qc2 Qa1+ 25. Qb1 Qxb2 26. Qxb2 Bxb2 27. Be7 Ne5 28. Nxe5 Bxe5 29. Bc2 f4 30. Kf1 h6 31. Ke2 Kf7 32. Bd8 Bf6 33. Bc7 Ke7 34. g3 Be5 35. Kf3 fxg3 36. fxg3 Bd7 37. g4 h5 38. g5 Bf5 39. Bb3 Kd7 40. Ba5 Kc8 41. Bb6 Bg7 42. Ba5 Bg4+ 43. Kf2 Bc3 44. Bb6 Bf5 45. Ba5 Bd4+ 46. Kg3 Be4 47. Bb6 Kb7 48. Bd8 Bd3 49. Kf3 Bc3 50. Kf2 Be4 51. Ba5 Bf5 52. Bd8 Bd2 53. Ba5 Bc3 54. Bd8 Kc8 55. Ba5 Bd4+ 56. Kg3 Bg7 57. Kf2 Bf8 58. Ke3 Be7 59. Kf4 Bf8 60. Ke3 Bg7 61. Kf2 Bc3 62. Bb6 Bd4+ 63. Kg3 Be4 64. Ba5 Kb7 65. Bd8 Bf5 66. Ba5 Be4 67. Bd8 Ka6 68. Bf6 Bc3 69. Kf2 Kb7 70. Bd8 Ka6 71. Bf6 Bd4+ 72. Kg3 Kb6 73. Bd8+ Kb7 74. Ba5 Ka6 75. Bc7 Be5+ 76. Kf2 Bf4 77. Bd8 Be5 78. Bf6 Bd4+ 79. Kg3 Kb7 80. Bd8 Kc8 81. Ba5 Bg7 82. Bb6 Bf8 83. Ba5 Be7 84. Kf4 Bf5 85. Bb6 Bd7 86. Ba5 Bd8 87. Bxd8 Kxd8 88. Ke3 Kc7 89. Kd2 Kb6 90. Ke3 Ka5 91. Kd2 Be8 92. Kc2 Ba4 93. Kb2 Bxb3 94. Kxb3 Ka6 95. Kb2 Kb6 96. Kc2 Ka5 97. Kb3 1/2-1/2

[Event "Collado Villalba op-A 26th"]
[Site "Collado Villalba"]
[Date "2009.08.22"]
[Round "2"]
[White "Collado Barbas, Laura"]
[Black "Gomez Peco, Pablo"]
[Result "1-0"]
[WhiteElo "2055"]
[BlackElo "2222"]
[PlyCount "169"]
[EventDate "2009.08.21"]
[EventType "swiss"]
[EventRounds "9"]
[EventCountry "ESP"]
[SourceTitle "CBM 132 Extra"]
[Source "ChessBase"]
[SourceDate "2009.11.03"]
[SourceVersion "1"]
[SourceVersionDate "2009.11.03"]
[SourceQuality "1"]

1. d4 c6 2. c4 d5 3. Nf3 Nf6 4. e3 a6 5. Qc2 Ne4 6. Bd3 f5 7. 0-0 e6 8. b3 Nd7 9. a4 a5 10. Ba3 Bxa3 11. Nxa3 0-0 12. Nd2 Nxd2 13. Qxd2 Qh4 14. f3 Nf6 15. Rae1 Bd7 16. Nb1 b6 17. Nc3 c5 18. dxc5 dxc4 19. Bxc4 bxc5 20. Qd6 Rac8 21. Bxe6+ Bxe6 22. Qxe6+ Kh8 23. Qxf5 Qb4 24. Rc1 Qxb3 25. Qc2 c4 26. e4 Rfd8 27. Rfd1 Rxd1+ 28. Qxd1 Qb6+ 29. Kh1 Rd8 30. Qe2 Nh5 31. Rd1 Rc8 32. Qd2 h6 33. Rb1 Rd8 34. Qe2 Qc5 35. Nd5 Nf6 36. Ne3 Rd3 37. Nc2 Rb3 38. Rd1 Nh5 39. g3 Nf6 40. Kg2 Rb2 41. Kf1 c3 42. Qd3 Ne8 43. f4 Qc6 44. Rc1 Qxa4 45. Qxc3 Qa2 46. Ke2 Nf6 47. Qd3 a4 48. Kd1 Rb7 49. Qd8+ Kh7 50. Qc8 Rd7+ 51. Ke1 Qb2 52. Rd1 Rxd1+ 53. Kxd1 a3 54. Qf5+ Kh8 55. Qc8+ Ng8 56. Qa8 a2 57. e5 Qb3 58. Kd2 Kh7 59. Qe4+ Kh8 60. Qa8 Kh7 61. f5 Ne7 62. f6 Nd5 63. f7 Qc3+ 64. Kc1 Ne3 65. Qxa2 Nc4 66. Qxc4 Qxc4 67. f8Q Qe2 68. Qf5+ Kg8 69. e6 Qg2 70. Qf7+ Kh7 71. e7 Qg1+ 72. Kb2 Qb6+ 73. Kc3 Qa5+ 74. Kd3 Qb5+ 75. Kd4 Qb2+ 76. Kd3 Qb5+ 77. Ke4 Qc6+ 78. Kf4 Qa4+ 79. Kf3 Qc6+ 80. Kg4 Qa4+ 81. Qf4 h5+ 82. Kg5 Qe8 83. Qf5+ g6 84. Qe5 Qc8 85. e8Q 1-0

[Event "Parla 25 Jubilee op"]
[Site "Parla"]
[Date "2008.09.08"]
[Round "3"]
[White "Moreno Ruiz, Javier"]
[Black "Gomez Peco, Pablo"]
[Result "1/2-1/2"]
[WhiteElo "2470"]
[BlackElo "2197"]
[PlyCount "128"]
[EventDate "2008.09.06"]
[EventType "swiss"]
[EventRounds "9"]
[EventCountry "ESP"]
[SourceTitle "CBM 126 Extra"]
[Source "ChessBase"]
[SourceDate "2008.11.05"]
[SourceVersion "1"]
[SourceVersionDate "2008.11.05"]
[SourceQuality "1"]

1. d4 c6 2. c4 d5 3. Nf3 Nf6 4. e3 a6 5. Bd3 g6 6. 0-0 Bg7 7. a4 0-0 8. Nc3 Bf5 9. Bxf5 gxf5 10. Qb3 Ra7 11. a5 e6 12. Bd2 Ne4 13. Rfc1 Nxd2 14. Nxd2 f4 15. exf4 Bxd4 16. Ne2 Bf6 17. Ng3 Nd7 18. Nh5 Kh8 19. Nf3 Rg8 20. f5 Ne5 21. Nxe5 Bxe5 22. Qe3 Bxb2 23. Qxa7 Qg5 24. Ng3 Bxc1 25. Qd4+ e5 26. Qxe5+ f6 27. Qc3 Bd2 28. Qd3 dxc4 29. Qxc4 Bf4 30. Rb1 Bxg3 31. hxg3 Qxf5 32. Rxb7 Qxa5 33. Qf4 Qg5 34. Ra7 Qxf4 35. gxf4 Rc8 36. Rxa6 Rc7 37. Kf1 Kg7 38. Ke2 Kg6 39. Kf3 Rc8 40. Ra7 h5 41. Ke4 Re8+ 42. Kd3 Rd8+ 43. Ke4 Re8+ 44. Kf3 Rc8 45. Re7 Ra8 46. g3 Rc8 47. Ke4 c5 48. f5+ Kh6 49. Rf7 Rc6 50. Kd5 Ra6 51. f4 h4 52. gxh4 Kh5 53. Re7 Kxh4 54. Re6 Ra4 55. Rxf6 Rxf4 56. Ke5 Kg4 57. Rf8 c4 58. f6 Kf3 59. Rh8 Re4+ 60. Kd5 Rf4 61. Ke6 Ke3 62. Rh5 c3 63. f7 Rxf7 64. Kxf7 c2 1/2-1/2

[Event "Mislata op 15th"]
[Site "Mislata"]
[Date "2007.08.30"]
[Round "9"]
[White "Asensio Linan, Teodoro"]
[Black "Gomez Peco, Pablo"]
[Result "1-0"]
[WhiteElo "2276"]
[BlackElo "2166"]
[PlyCount "77"]
[EventDate "2007.08.22"]
[EventType "swiss"]
[EventRounds "9"]
[EventCountry "ESP"]
[SourceTitle "CBM 120 Extra"]
[Source "ChessBase"]
[SourceDate "2007.11.01"]
[SourceVersion "1"]
[SourceVersionDate "2007.11.01"]
[SourceQuality "1"]

1. e4 c6 2. d4 d5 3. e5 Bf5 4. Nf3 e6 5. Be2 Nd7 6. 0-0 Ne7 7. c4 dxc4 8. Bxc4 Nb6 9. Bd3 Bxd3 10. Qxd3 Ned5 11. Nc3 Nxc3 12. bxc3 Qd5 13. a4 Nc4 14. Ng5 h6 15. Nh3 Nxe5 16. Qb1 Ng6 17. Qxb7 c5 18. Qb5+ Qd7 19. Be3 a6 20. Qb6 Bd6 21. Rfd1 Bc7 22. Qxc5 Bd6 23. Qh5 Ne7 24. Qg4 Nf5 25. Bf4 0-0 26. d5 Rfd8 27. Bxd6 Nxd6 28. Qh5 Nc4 29. Nf4 exd5 30. Nxd5 Qd6 31. Qe2 Qc5 32. Qh5 Kf8 33. Qf3 Ne5 34. Qe4 Ng6 35. a5 Rac8 36. Nb6 Rxd1+ 37. Rxd1 Qxc3 38. Nxc8 Qxc8 39. Qd4 1-0

[Event "Mislata op 15th"]
[Site "Mislata"]
[Date "2007.08.29"]
[Round "8"]
[White "Gomez Peco, Pablo"]
[Black "Penades Ordaz, Carlos"]
[Result "1-0"]
[WhiteElo "2166"]
[BlackElo "2067"]
[PlyCount "75"]
[EventDate "2007.08.22"]
[EventType "swiss"]
[EventRounds "9"]
[EventCountry "ESP"]
[SourceTitle "CBM 120 Extra"]
[Source "ChessBase"]
[SourceDate "2007.11.01"]
[SourceVersion "1"]
[SourceVersionDate "2007.11.01"]
[SourceQuality "1"]

1. d4 d5 2. Nf3 Nf6 3. c4 c6 4. cxd5 cxd5 5. Nc3 e6 6. Bf4 Bd6 7. Bxd6 Qxd6 8. e3 Qb4 9. Qd2 Bd7 10. Be2 a6 11. 0-0 Bc6 12. a3 Qd6 13. Ne5 Nfd7 14. f4 f6 15. Nd3 0-0 16. Rf3 Nb6 17. b3 N8d7 18. Rg3 Bb5 19. Nxb5 axb5 20. Nb4 Ra5 21. Nxd5 Rxa3 22. Rxa3 Qxa3 23. Nxb6 Nxb6 24. e4 b4 25. d5 exd5 26. exd5 Nd7 27. d6 Qa7+ 28. Qe3 Qxe3+ 29. Rxe3 Nb6 30. Bb5 Rd8 31. d7 Kf7 32. Re8 Rxd7 33. Bxd7 Nxd7 34. Re4 Nc5 35. Rxb4 Ke6 36. Rb5 Kd6 37. b4 Nd3 38. Rxb7 1-0

[Event "Mislata op 15th"]
[Site "Mislata"]
[Date "2007.08.27"]
[Round "7"]
[White "Sospedra Sebastian, Juan"]
[Black "Gomez Peco, Pablo"]
[Result "1-0"]
[WhiteElo "2303"]
[BlackElo "2166"]
[PlyCount "58"]
[EventDate "2007.08.22"]
[EventType "swiss"]
[EventRounds "9"]
[EventCountry "ESP"]
[SourceTitle "CBM 120 Extra"]
[Source "ChessBase"]
[SourceDate "2007.11.01"]
[SourceVersion "1"]
[SourceVersionDate "2007.11.01"]
[SourceQuality "1"]

1. d4 c6 2. c4 d5 3. Nf3 Nf6 4. Nc3 a6 5. c5 Bf5 6. Qb3 Qc8 7. h3 h6 8. Bf4 Nbd7 9. e3 e6 10. Be2 Be7 11. 0-0 0-0 12. Rfc1 Bd8 13. Qd1 Bc7 14. Bxc7 Qxc7 15. b4 Ne4 16. a4 Nxc3 17. Rxc3 Rfb8 18. Bd3 Bxd3 19. Qxd3 e5 20. Qc2 e4 21. Nd2 f5 22. Rb1 f4 23. Rcb3 fxe3 24. Rxe3 Rf8 25. Qb3 Kh8 26. f3 Qf4 27. Rf1 exf3 28. Nxf3 Rae8 29. Rfe1 Re4 1-0

[Event "ESP-ch Universities"]
[Site "Madrid"]
[Date "2006.05.07"]
[Round "6"]
[White "Gomez Peco, Pablo"]
[Black "Lopez del Alamo, Antonio"]
[Result "1/2-1/2"]
[WhiteElo "2174"]
[BlackElo "2300"]
[PlyCount "77"]
[EventDate "2006.05.06"]
[EventType "team-tourn"]
[EventRounds "8"]
[EventCountry "ESP"]
[SourceTitle "CBM 112 Extra"]
[Source "ChessBase"]
[SourceDate "2006.07.14"]
[SourceVersion "1"]
[SourceVersionDate "2006.07.14"]
[SourceQuality "1"]

1. d4 Nf6 2. c4 g6 3. Nc3 Bg7 4. e4 d6 5. Nf3 0-0 6. Be2 e5 7. dxe5 dxe5 8. Qxd8 Rxd8 9. Bg5 Nbd7 10. 0-0-0 Rf8 11. Nd5 c6 12. Ne7+ Kh8 13. Be3 Re8 14. Nxc8 Raxc8 15. g4 Nf8 16. Nd2 Ne6 17. g5 Nh5 18. Bg4 Nhf4 19. Nf3 Rcd8 20. Bxe6 Nxe6 21. Rxd8 Rxd8 22. Bxa7 Ra8 23. Be3 Rxa2 24. Kb1 Ra8 25. Rd1 Rd8 26. Rxd8+ Nxd8 27. Kc2 Kg8 28. Bc5 f5 29. gxf6 Bxf6 30. Bd6 Nf7 31. Bc7 Kf8 32. Kd3 Ke7 33. Bb6 Ke6 34. Nd2 Ng5 35. Nb3 Kd7 36. Na5 Kc8 37. Be3 Ne6 38. c5 Nd8 39. Nc4 1/2-1/2

[Event "ESP-ch Universities"]
[Site "Madrid"]
[Date "2006.05.06"]
[Round "2"]
[White "Martinez Martin, David"]
[Black "Gomez Peco, Pablo"]
[Result "1-0"]
[WhiteElo "2397"]
[BlackElo "2174"]
[PlyCount "63"]
[EventDate "2006.05.06"]
[EventType "team-tourn"]
[EventRounds "8"]
[EventCountry "ESP"]
[SourceTitle "CBM 112 Extra"]
[Source "ChessBase"]
[SourceDate "2006.07.14"]
[SourceVersion "1"]
[SourceVersionDate "2006.07.14"]
[SourceQuality "1"]

1. d4 c6 2. e4 d5 3. e5 Bf5 4. Nc3 e6 5. g4 Bg6 6. Nge2 Qh4 7. Ng3 Bb4 8. Be3 h5 9. gxh5 Bxh5 10. Nxh5 Qxh5 11. Be2 Qh4 12. Qd2 Qd8 13. a3 Qa5 14. 0-0 Bxc3 15. bxc3 Ne7 16. Rab1 Qc7 17. c4 dxc4 18. Bxc4 Nd7 19. Be2 Rd8 20. Qb4 b6 21. Rfd1 c5 22. dxc5 Nd5 23. Rxd5 exd5 24. cxb6 axb6 25. Bb5 Qxc2 26. Bg5 Qc5 27. Qg4 f6 28. Be3 Qc7 29. Qxg7 Rf8 30. exf6 Qe5 31. Bxd7+ Rxd7 32. f7+ 1-0

[Event "La Roda op 33rd"]
[Site "La Roda"]
[Date "2006.04.14"]
[Round "4.14"]
[White "Gomez Peco, Pablo"]
[Black "Campos Gambuti, Luis Maria"]
[Result "0-1"]
[WhiteElo "2174"]
[BlackElo "2420"]
[PlyCount "74"]
[EventDate "2006.04.12"]
[EventType "swiss"]
[EventRounds "9"]
[EventCountry "ESP"]
[SourceTitle "CBM 111 Extra"]
[Source "ChessBase"]
[SourceDate "2006.05.09"]
[SourceVersion "1"]
[SourceVersionDate "2006.05.09"]
[SourceQuality "1"]

1. d4 d5 2. c4 c6 3. cxd5 cxd5 4. Nf3 Nc6 5. Nc3 Nf6 6. Bf4 a6 7. a3 Bf5 8. e3 e6 9. h3 Be7 10. Be2 Nd7 11. Bh2 Rc8 12. 0-0 Na5 13. Rc1 0-0 14. b4 Nc4 15. Bxc4 Rxc4 16. Nd2 Rc8 17. e4 dxe4 18. Ndxe4 Bxe4 19. Nxe4 Rxc1 20. Qxc1 Nf6 21. Nxf6+ Bxf6 22. Be5 Bg5 23. Bf4 Be7 24. Qc4 Qd7 25. Rc1 Rd8 26. Qc7 f6 27. Qb6 Rc8 28. Rxc8+ Qxc8 29. a4 g5 30. Bd2 Kf7 31. b5 Qc2 32. Qxb7 axb5 33. Ba5 bxa4 34. Kh2 Qb3 35. Qd7 a3 36. Bd8 Qb8+ 37. Bc7 Qb7 0-1